LEADER 01518nam a2200337 a 4500 001 000000130282 003 CaOOAMICUS 005 20120920145949.0 008 120920s2012 it u000 u ita r 020 $a978-88-13-31282-4 040 $aPUL$bita 082 04$a347.05 100 1 $aConsolo, Claudio.$0(OLS)http://pul/name/52935 245 12$aL'azione di classe ex art. 140-bis cod. cons. :$blineamenti processuali /$cClaudio Consolo, Beatrice Zuffi ; prefazione di Francesco Galgano. 260 $aPadova :$bCEDAM,$cİ2012. 300 $aXIV, 517 p. ;$c24 cm 490 1 $aMonografie di Int'I Lis ;$v01 500 $aSegue: Appendice normativa e giurisprudenziale. 504 $aBibliografia in nota. 650 4$aDiritto processuale civile$zItalia.$0(OLS)http://pul/subject/38504 700 1 $aZuffi, Beatrice.$0(OLS)http://pul/name/69458 700 1 $aGalgano, Francesco.$0(OLS)http://pul/name/24116 830 0$aMonografie di Int'I Lis ;$v01.$0(OLS)http://pul/title/164668 850 $aPUL 852 $aPUL$W1$xSL Diritto e Scienze Sociali 3$y79$m347. 05 CONCL 1$j150812$qDDC 21$B149387$CPULBib$Z2$F149387 $H120701 $82 941 1 $a9 996 $6020$a978-88-13-31282-4$9(OLS)http://pul/number/150543 996 $6082$a347.05$9(OLS)http://pul/classification/2364 996 $6245$aL'azione di classe ex art. 140-bis cod. cons. :$blineamenti processuali$9(OLS)http://pul/title/164667 996 $6260$aPadova :$bCEDAM$9(OLS)http://pul/publisher/48126 LEADER 01490nam a2200349 a 4500 001 000000148903 003 CaOOAMICUS 005 20160128113400.0 008 160128s2015 it u000 udita r 020 $a978-88-16-41320-7* 032 $aLibriCat 040 $aPUL$bita 082 04$a230.092 100 1 $aGuilelmus de Tocco,$cO.P.,$dm. c. 1323.$0(OLS)http://pul/name/95032 245 10$aStoria di San Tommaso d'Aquino / $cGuglielmo da Tocco ; a cura di Davide Riserbato ; editoriale di Inos Biffi. 260 $aMilano :$bJaca Book,$cİ2015. 300 $a319 p. ;$c24 cm. 490 1 $aBiblioteca di cultura medievale 500 $aComprende indici. 504 $aBibliografia p. 295-309. 600 04$aThomas Aquinas,$cs.,$dc. 1225-1274$xBiografia.$0(OLS)http://pul/subject/6683 700 1 $aBiffi, Inos,$csac.,$d1934-$0(OLS)http://pul/name/1663 700 1 $aRiserbato, Davide.$0(OLS)http://pul/name/68237 830 0$aBiblioteca di cultura medievale.$0(OLS)http://pul/title/2253 850 $aPUL 852 $aPUL$W1$xSL Religione 3$y85$m230. 092 DATGU 1$j171618$qDDC 21$B173116$CPULBib$Z2$F173116 $H126886 $81 941 1 $a9 996 $6020$a978-88-16-41320-7*$9(OLS)http://pul/number/159458 996 $6082$a230.092$9(OLS)http://pul/classification/553 996 $6245$aStoria di San Tommaso d'Aquino / $9(OLS)http://pul/title/187770 996 $6260$aMilano :$bJaca Book$9(OLS)http://pul/publisher/47900